Największe gospodarki 2021 - 1/2 - Statystyki

Ogólne statystyki
  • Ten quiz został rozwiązany 55 razy
  • Średni wynik to 20 z 25
Statystyki odpowiedzi
PKB Kraj % Poprawnych
17,228,397 Chiny
100%
23,059,653 Stany Zjednoczone
100%
4,335,205 Niemcy
98%
695,187 Polska
98%
1,724,617 Rosja
96%
2,981,601 Francja
94%
1,559,902 Hiszpania
94%
2,156,496 Brazylia
92%
3,577,316 Indie
92%
5,807,520 Japonia
92%
1,925,551 Kanada
92%
3,027,128 Wielka Brytania
90%
2,142,457 Włochy
88%
1,358,368 Meksyk
85%
1,550,575 Australia
79%
725,108 Szwecja
77%
929,823 Turcja
75%
1,831,937 Korea Południowa
73%
771,958 Szwajcaria
71%
1,305,733 Indonezja
69%
992,120 Holandia
65%
817,447 Arabia Saudyjska
58%
574,690 Belgia
56%
577,886 Tajlandia
48%
670,644 Tajwan
40%
Nie znaleziono quizów pasujących do podanych kryteriów
Rozkład punktacji
Procent ludzi z każdym wynikiem
Percentyl według liczby udzielonych odpowiedzi
Twoja historia wyników
Nie rozwiązałeś tego quizu